Železniční doprava

Záverečná časť seriálu článkov o železničnej doprave. Význam rozvoja informatiky pre úspešný rozvoj železničnej dopravy. Systém ČD-VPSND - výpočtový prenosový systém nákladnej dopravy je národným informačným systémom pre nákladnú dopravu ČD. Aplikácia systémov CEVIS a CDZ, CIT. Počítačový program Pe...

ver descrição completa

Na minha lista:
Detalhes bibliográficos
Autor principal: Šubert, M.
Formato: Capítulo de Livro
Idioma:tcheco
Assuntos:
Tags: Adicionar Tag
Sem tags, seja o primeiro a adicionar uma tag!

MARC

LEADER 00000naa a2200000 4500
001 r025847
005 20230908093518.8
041 0 |a cze 
044 |a CZ 
245 1 0 |a Železniční doprava  |c M. Šubert 
520 |a Záverečná časť seriálu článkov o železničnej doprave. Význam rozvoja informatiky pre úspešný rozvoj železničnej dopravy. Systém ČD-VPSND - výpočtový prenosový systém nákladnej dopravy je národným informačným systémom pre nákladnú dopravu ČD. Aplikácia systémov CEVIS a CDZ, CIT. Počítačový program PePa. Úloha medzinárodného železničného špeditéra. 
610 2 0 |a doprava železničná 
610 2 0 |a doprava železničná nákladná 
610 2 0 |a systémy informačné 
610 2 0 |a systémy počítačové 
610 2 0 |a České dráhy 
610 2 0 |a informácie 
610 2 0 |a zasielatelia 
610 2 0 |a železnice 
610 2 0 |a preprava 
100 1 |a Šubert, M.